ՀՀ Գիտությունների ազգային ակադեմիայի հիմնարար գիտական գրադարան  =   Fundamental Scientific Library of NAS RA

Վերամուտ : (Record no. 177461)

MARC details
000 -LEADER
fixed length control field 00736nam a2200205 u 4500
001 - CONTROL NUMBER
control field 000482783
003 - CONTROL NUMBER IDENTIFIER
control field AM-YeHGA
005 - DATE AND TIME OF LATEST TRANSACTION
control field 20250618072611.0
008 - FIXED-LENGTH DATA ELEMENTS--GENERAL INFORMATION
fixed length control field 060403s2006 ai r 000 0 arm d
020 ## - INTERNATIONAL STANDARD BOOK NUMBER
International Standard Book Number 9994153102
040 ## - CATALOGING SOURCE
Original cataloging agency AM-YeHGA
041 0# - LANGUAGE CODE
Language code of text/sound track or separate title arm
090 ## - LOCALLY ASSIGNED LC-TYPE CALL NUMBER (OCLC); LOCAL CALL NUMBER (RLIN)
-- 178906
100 1# - MAIN ENTRY--PERSONAL NAME
Personal name Անդրանիկյան, Արթուր Անդրանիկի,
Dates associated with a name 1959-
9 (RLIN) 2860
245 10 - TITLE STATEMENT
Title Վերամուտ :
Remainder of title [Բանաստեղծություններ ] /
Statement of responsibility, etc. Ա. Անդրանիկեան.
260 ## - PUBLICATION, DISTRIBUTION, ETC.
Place of publication, distribution, etc. Երեւան :
Name of publisher, distributor, etc. ՎՄՎ-Պրինտ,
Date of publication, distribution, etc. 2006.
300 ## - PHYSICAL DESCRIPTION
Extent 144 էջ :
Other physical details դիմանկ. ;
Dimensions 13 սմ.
504 ## - BIBLIOGRAPHY, ETC. NOTE
Bibliography, etc. note Հեղինակի տպագրված գրքերի ցանկ
650 14 - SUBJECT ADDED ENTRY--TOPICAL TERM
Topical term or geographic name entry element Սփյուռքահայ գրականություն
General subdivision Պոեզիա
Holdings
Withdrawn status Lost status Damaged status Not for loan Collection Home library Current library Date acquired Cost, normal purchase price Shelving control number Total checkouts Full call number Barcode Date last seen Price effective from Koha item type Public note Source of classification or shelving scheme
        General Fundamental Scientific Library Fundamental Scientific Library 28/12/2016 450.00     AI/20689 210020689 28/12/2016 28/12/2016 Գրքեր / Books 30 Days Loan  
        General Fundamental Scientific Library Fundamental Scientific Library 28/12/2016 450.00     AI/20690 210020690 28/12/2016 28/12/2016 Գրքեր / Books 30 Days Loan  
        Levon Zekiyan Individual Collection Fundamental Scientific Library Fundamental Scientific Library 28/12/2016 1000.00     Zek/159 FL0186281 28/12/2016 28/12/2016 Գրքեր / Books ILL Non-Circ. Universal Decimal Classification
        Levon Zekiyan Individual Collection Fundamental Scientific Library Fundamental Scientific Library 28/12/2016 1000.00     Zek/1638 FL0186344 28/12/2016 28/12/2016 Գրքեր / Books ILL Non-Circ. Universal Decimal Classification


ՀՀ ԳԱԱ հիմնարար գիտական գրադարան
ՀՀ,Երևան 0019
Մարշալ Բաղրամյան 24/6
հեռախոս:(374-10) 52-47-50
Հետադարձ կապ

All site content, except where otherwise noted, is licensed under a
Creative Commons License